000 00352nam a2200145Ia 4500
008 230312s9999||||xx |||||||||||||| ||und||
020 _a0-534-63046-4
082 _a791.4377
_bALT-A
100 _aAlten;Stanley.R
245 0 _aAudio in media
260 _bThomson
_aUSA
_c2005
300 _a480
650 _aMass com
_vMass Communication
942 _cBK
999 _c11469
_d11469